• 首页
  • 本馆介绍
  • 公告通知
  • 最新文献
  • 馆藏检索
  • 电子资源
  • 读者导购
  • 参考咨询
  • 我的图书馆
  • 登录
  • 详细信息显示
  • 放入我的书架
  • 预约/预借图书
  • 作者相关作品
  • 分类相关作品
  • 丛书相关作品
  • 出版社相关作品

书目信息

  • 表格格式
  • 工作单格式
  • 卡片格式
题名:
中国各民族名称的罗马字母拼写法和代码
    
 
作者: ;国家标准局批准
分册:  
出版信息: 北京   中国标准出版社  1983
页数: 6页
开本: 26cm
丛书名:
单 册:
中图分类: H125.3-65
科图分类:
主题词: 汉字--文字学
电子资源:
ISBN:
000 00630nam0 2200193 450
001 0653032946
005 20060518144848.48
010    @dCNY0.14
100    @a20060518d1983 km y0chiy0120 ea
101 0  @achi
102    @aCN@b110000
200 1  @a中国各民族名称的罗马字母拼写法和代码@Azhong guo ge min zu ming cheng de luo ma zi mu pin xie fa he dai ma@f国家标准局批准@Fguo jia biao zhun ju pi zhun
210    @a北京@c中国标准出版社@d1983
215 1  @a6页@d26cm
606 0  @a汉字@x文字学
690    @aH125.3-65@v4
711  0 @a国家标准局批准@Aguo jia biao zhun ju pi zhun
801  0 @aCN@bPFT@c20060518
905    @a10447@dH125.3-65@e12
    
    中国各民族名称的罗马字母拼写法和代码/国家标准局批准.-北京:中国标准出版社,1983
    6页;26cm
    
    
    ISBN :CNY0.14
    
●
相关链接 在E读中查询图书 在五车中查询图书 在当当中查询图书 在豆瓣中查询图书


正题名:中国各民族名称的罗马字母拼写法和代码     索取号:H125.3-65/12         预约/预借

序号 登录号 条形码 馆藏地/架位号 状态 备注
1 0107707   202347647   密集书库/ [索取号:H125.3-65/12] 在馆    
2 0107708   202347610   密集书库/ [索取号:H125.3-65/12] 在馆    
唐山师范学院图书馆 欢迎您!
大连网信软件有限公司© 版权所有